Countries That Visit NYC The Most - Statistics

General Stats
  • This quiz has been taken 83 times
  • The average score is 10 of 10
Answer Stats
Hint Answer % Correct
Europe France
99%
North America Mexico
99%
Oceania Australia
97%
South America Brazil
97%
North America Canada
97%
Europe Germany
97%
Europe Spain
97%
Europe UK
97%
Asia China
96%
Europe Italy
95%
No matching quizzes found
Score Distribution
Percent of People with Each Score
Percentile by Number Answered
Your Score History
You have not taken this quiz